Statystyki dla Drogowe przejścia graniczne Polska - Ukraina

Kliknij tutaj aby rozwiązać quiz!

Ogólne statystyki

  • Ten quiz został rozwiązany 120 razy
  • Średni wynik to 4 z 8

Statystyki odpowiedzi

WojewództwoNumer/Numery drogi w PolsceOdpowiedź% Poprawnych
Podkarpackie28Medyka-Szeginie
82%
Lubelskie17Hrebenne-Rawa Ruska
59%
Podkarpackie94/A4Korczowa-Krakowiec
59%
Lubelskie12Dorohusk-Jagodzin
47%
Podkarpackie84Krościenko-Smolnica
45%
Lubelskie74Zosin-Uściług
41%
Lubelskie844Dołhobyczów-Uhrynów
26%
Podkarpackie866Budomierz-Hruszów
16%

Rozkład punktacji

Percentyl według liczby udzielonych odpowiedzi

Procent ludzi z każdym wynikiem

Twoja historia wyników

Nie rozwiązałeś tego quizu